The siege of Isfahan / (Record no. 2833)

MARC details
000 -LEADER
fixed length control field 01511cam a2200277 a 4500
001 - CONTROL NUMBER
control field 2833
003 - CONTROL NUMBER IDENTIFIER
control field FISKH
005 - DATE AND TIME OF LATEST TRANSACTION
control field 20240116150102.0
008 - FIXED-LENGTH DATA ELEMENTS--GENERAL INFORMATION
fixed length control field 000920s2001 nyu 000 1 eng
010 ## - LIBRARY OF CONGRESS CONTROL NUMBER
LC control number 00048953
020 ## - INTERNATIONAL STANDARD BOOK NUMBER
International Standard Book Number 0393049884
040 ## - CATALOGING SOURCE
Original cataloging agency DLC
Transcribing agency DLC
Modifying agency DLC
041 1# - LANGUAGE CODE
Language code of text/sound track or separate title eng
Language code of original fre
050 00 - LIBRARY OF CONGRESS CALL NUMBER
Classification number PQ2678.U357
Item number S2813 2001
082 00 - DEWEY DECIMAL CLASSIFICATION NUMBER
Classification number 843/.914
Edition number 21
100 1# - MAIN ENTRY--PERSONAL NAME
Personal name Rufin, Jean-Christophe,
Dates associated with a name 1952-
240 10 - UNIFORM TITLE
Uniform title Sauver Isfahan.
Language of a work English
245 14 - TITLE STATEMENT
Title The siege of Isfahan /
Statement of responsibility, etc. Jean-Christophe Rufin ; translated from the French by Willard Wood.
260 ## - PUBLICATION, DISTRIBUTION, ETC.
Place of publication, distribution, etc. New York :
Name of publisher, distributor, etc. W.W. Norton,
Date of publication, distribution, etc. c2001.
300 ## - PHYSICAL DESCRIPTION
Extent 373 pages :
Dimensions 24 cm.
520 ## - SUMMARY, ETC.
Summary, etc. Twenty years have passed since Jean-Baptiste Poncet's daring mission to the remote and exotic court of the King of Abyssinia. We find him now in Isfahan, capital of Persia, practicing medicine in the court of the Shah. In order to rescue his old friend Juremi, imprisoned in the Urals, Poncet travels in disguise to Russia, where he engages in a diplomatic duel of wits with Peter the Great. The friends, reunited, are captured by nomads and sold as slaves in Afghanistan. This is the beginning of Poncet's circuitous return to Isfahan, where his wife and daughter are trapped by a besieging army of the Afghan king, Mahmud.
700 1# - ADDED ENTRY--PERSONAL NAME
Personal name Wood, Willard.
906 ## - LOCAL DATA ELEMENT F, LDF (RLIN)
a 7
b cbc
c orignew
d 1
e ocip
f 20
g y-gencatlg
942 ## - ADDED ENTRY ELEMENTS (KOHA)
Source of classification or shelving scheme Dewey Decimal Classification
Koha item type Books
Suppress in OPAC No
Holdings
Withdrawn status Lost status Source of classification or shelving scheme Damaged status Not for loan Collection Home library Current library Shelving location Date acquired Total Checkouts Full call number Barcode Date last seen Price effective from Koha item type
    Dewey Decimal Classification     Fiction Footprints International School Library Network Toul Kork Campus Footprints International School Library Network Toul Kork Campus   01/16/2024   RUF 843.914 PQ2678.U357 2024-0039 01/16/2024 01/16/2024 Books